000 00519nam a2200193 a 4500
001 1771681179848
003 YourLibrary
005 20260221191139.0
008 260221s1994##################000#0#eng##
020 _a9781852789244
082 0 4 _a320.9438
_bMIL
100 1 _aMillard, Frances,
_eauthor.
245 1 0 _aThe Anatomy of the New Poland :
260 _bEdward Elgar Publishing,
_c1994.
300 _a280 pages
650 0 _aPolitical Science.
942 _cENGLISH
040 _aYourLibrary
_beng
_cYourLibrary
999 _c615405
_d615405